000 00312pam a2200133 a 4500
020 _c
041 _h
082 _a751.4
_bSAN
100 _aMichael Sanders .
245 _aVan Gogh Ready to paint The Masters
_hTextual Documents
260 _a[s.l]:
_bSearch Press
300 _a64:
_bpaper.
930 _a7992
999 _c241782
_d241782